| 000 | 004280000a22001810004500 | ||
|---|---|---|---|
| 003 | MACL | ||
| 005 | 20150909162329.0 | ||
| 008 | 150909b xxu||||| |||| 00| 0 eng d | ||
| 040 |
_aMACL _cMACL |
||
| 041 | _aEnglish | ||
| 082 | _a821/KAU | ||
| 100 |
_aKaul, H K _99693 |
||
| 245 |
_aPoetry India _bVoices In Time |
||
| 260 |
_bVirgo Publications _aNew Delhi |
||
| 350 | _a140 | ||
| 650 |
_apoetry _99695 |
||
| 942 |
_cBK _k821 _2ddc |
||
| 999 |
_c2583 _d2583 |
||